[Event "4NCL Division 1 & 2"]
[Site "Milton Keynes, ENG"]
[Date "2021.11.28"]
[Round "2.106"]
[White "Duggan, John E"]
[Black "Page, Mark E"]
[Result "1/2-1/2"]
[WhiteElo "2174"]
[BlackElo "2121"]
[PlyCount "34"]
[EventDate "2021.11.28"]
[WhiteTeam "The ADs"]
[BlackTeam "Warwickshire Select 1"]

1. d4 Nf6 2. Nf3 g6 3. c4 Bg7 4. Nc3 d6 5. e3 O-O 6. Be2 Nbd7 7. O-O e5 8. dxe5
Nxe5 9. Nxe5 dxe5 10. Bf3 c6 11. Qc2 Be6 12. b3 Qc7 13. Ba3 Rfd8 14. Rad1 Bf5
15. e4 Be6 16. Rxd8+ Rxd8 17. Rd1 Bf8 1/2-1/2

[Event "4NCL Division 1 & 2"]
[Site "Milton Keynes, ENG"]
[Date "2021.11.28"]
[Round "2.111"]
[White "Gourlay, Iain"]
[Black "Vardaan Nagpal"]
[Result "1/2-1/2"]
[WhiteElo "2321"]
[BlackElo "2384"]
[PlyCount "131"]
[EventDate "2021.11.28"]
[WhiteTeam "Alba"]
[BlackTeam "Kings Head"]

1. c4 c5 2. g3 Nc6 3. Bg2 g6 4. Nc3 Bg7 5. a3 b6 6. e3 Bb7 7. Nge2 Qc8 8. d3
Nf6 9. e4 O-O 10. O-O d6 11. f4 Nd7 12. f5 Nd4 13. Bg5 Re8 14. Kh1 Nxe2 15.
Qxe2 Ne5 16. Bxe7 Rxe7 17. f6 Re8 18. fxg7 Kxg7 19. Rf4 Qd7 20. Raf1 Rf8 21.
Nd1 b5 22. Ne3 bxc4 23. dxc4 Qe7 24. Ng4 Nxg4 25. Qxg4 Rab8 26. Rf6 Ba8 27. Qf4
Rxb2 28. Qxd6 Qxd6 29. Rxd6 Re2 30. Rd7 Bxe4 31. Bxe4 Rxe4 32. Rxa7 Rxc4 33. a4
Rc2 34. a5 Ra2 35. a6 c4 36. Rc7 Rxa6 37. Rxc4 Ra7 38. Rf2 h5 39. Kg2 Re8 40.
Rc6 Re5 41. Rcf6 Rae7 42. h4 R5e6 43. R6f4 f5 44. Ra4 Re3 45. Rf3 Re2+ 46. Rf2
R2e4 47. Rf4 Rxf4 48. Rxf4 Re4 49. Rf2 Rg4 50. Kh3 Kf6 51. Ra2 f4 52. Ra6+ Kg7
53. Ra7+ Kh6 54. gxf4 Rxf4 55. Rb7 Rf8 56. Kg3 Rg8 57. Ra7 Rg7 58. Ra6 Rf7 59.
Rb6 Kg7 60. Ra6 Rc7 61. Rb6 Kf7 62. Kf4 Rc4+ 63. Kg5 Rg4+ 64. Kh6 Rxh4 65. Rxg6
Rg4 66. Rg5 1/2-1/2

[Event "4NCL Division 1 & 2"]
[Site "Milton Keynes, ENG"]
[Date "2021.11.28"]
[Round "2.112"]
[White "Kenworthy, Gary"]
[Black "Berry, Neil"]
[Result "1/2-1/2"]
[WhiteElo "2261"]
[BlackElo "2255"]
[PlyCount "37"]
[EventDate "2021.11.28"]
[WhiteTeam "Kings Head"]
[BlackTeam "Alba"]

1. e4 e5 2. Nc3 Nf6 3. Bc4 Nc6 4. d3 Bc5 5. Nf3 a6 6. O-O h6 7. Be3 Bxe3 8.
fxe3 O-O 9. a3 d6 10. Qe1 Ne7 11. Rd1 c6 12. d4 exd4 13. exd4 d5 14. Bd3 dxe4
15. Nxe4 Nxe4 16. Bxe4 Bf5 17. Bxf5 Nxf5 18. Ne5 Qg5 19. Rd3 1/2-1/2

[Event "4NCL Division 1 & 2"]
[Site "Milton Keynes, ENG"]
[Date "2021.11.28"]
[Round "2.113"]
[White "Shafi, Declan"]
[Black "Okike, David"]
[Result "1-0"]
[WhiteElo "2166"]
[BlackElo "2177"]
[PlyCount "67"]
[EventDate "2021.11.28"]
[WhiteTeam "Alba"]
[BlackTeam "Kings Head"]

1. d4 Nf6 2. c4 e6 3. Nc3 Bb4 4. f3 d5 5. a3 Bxc3+ 6. bxc3 c5 7. cxd5 exd5 8.
e3 O-O 9. Bd3 b6 10. Ne2 Ba6 11. O-O Re8 12. Ng3 Bxd3 13. Qxd3 Nc6 14. Bb2 c4
15. Qd2 h5 16. Rae1 Ne7 17. e4 h4 18. Nh1 Ng6 19. Nf2 Qd7 20. Qg5 Rad8 21. e5
Nh7 22. Qh5 Qb5 23. Bc1 Qb3 24. Nd1 Qc2 25. Be3 Qa4 26. f4 Qxa3 27. f5 Ngf8 28.
Rf4 g6 29. Rg4 Qa2 30. Qh6 Qc2 31. f6 Ne6 32. Bg5 h3 33. Nf2 Qxc3 34. Rh4 1-0

[Event "4NCL Division 1 & 2"]
[Site "Milton Keynes, ENG"]
[Date "2021.11.28"]
[Round "2.114"]
[White "Lewis, Alex"]
[Black "Burnett, Andrew"]
[Result "0-1"]
[WhiteElo "2144"]
[BlackElo "2183"]
[PlyCount "104"]
[EventDate "2021.11.28"]
[WhiteTeam "Kings Head"]
[BlackTeam "Alba"]

1. e4 c5 2. Nf3 d6 3. d3 Nc6 4. g3 g6 5. Bg2 Bg7 6. O-O e5 7. c3 Nge7 8. Be3
O-O 9. a4 h6 10. d4 cxd4 11. cxd4 Bg4 12. d5 Nd4 13. Bxd4 exd4 14. Qd3 Bxf3 15.
Bxf3 Qb6 16. Na3 Rac8 17. Nc4 Qb4 18. Rfc1 b6 19. Ra3 Rc7 20. Qb3 Qc5 21. Qb5
a6 22. Qxa6 Rfc8 23. Be2 d3 24. Rxd3 Bxb2 25. Rb1 Qxc4 26. Qxc4 Rxc4 27. Rxb2
Rxe4 28. Bf3 Rxa4 29. Rxb6 Nf5 30. Rd1 Rc2 31. Rf1 Rd2 32. Rbb1 Rad4 33. Rbd1
Ne7 34. Rxd2 Rxd2 35. Rd1 Rxd1+ 36. Bxd1 Nxd5 37. Bb3 Nc7 38. f4 Kf8 39. Kf2
Ke7 40. Ke3 d5 41. Kd4 Kd6 42. Ba2 Nb5+ 43. Kd3 Kc5 44. Bb3 f6 45. Ba4 Nc7 46.
Bd7 g5 47. fxg5 fxg5 48. h4 gxh4 49. gxh4 Kd6 50. Bg4 Ke5 51. Bd1 Ne6 52. Bb3
Nc5+ 0-1

[Event "4NCL Division 1 & 2"]
[Site "Milton Keynes, ENG"]
[Date "2021.11.28"]
[Round "2.115"]
[White "White, Stuart A"]
[Black "Mackenzie, Colin"]
[Result "1-0"]
[WhiteElo "2037"]
[BlackElo "2040"]
[PlyCount "47"]
[EventDate "2021.11.28"]
[WhiteTeam "Alba"]
[BlackTeam "Kings Head"]

1. d4 e6 2. c4 Nf6 3. Nf3 b6 4. g3 Ba6 5. b3 Bb4+ 6. Bd2 Be7 7. Nc3 c6 8. e4 d5
9. Bd3 dxe4 10. Nxe4 Nbd7 11. Qe2 c5 12. d5 exd5 13. Nd6+ Kf8 14. Nxf7 Kxf7 15.
Ng5+ Ke8 16. Qe6 Nf8 17. Qf7+ Kd7 18. Bf5+ Kc6 19. O-O-O Qe8 20. cxd5+ Nxd5 21.
Qxd5+ Kxd5 22. Be4+ Kd4 23. Ba5+ Ke5 24. Bc3# 1-0

[Event "4NCL Division 1 & 2"]
[Site "Milton Keynes, ENG"]
[Date "2021.11.28"]
[Round "2.116"]
[White "Thatte, Nishchal"]
[Black "Roy, Ali"]
[Result "1/2-1/2"]
[WhiteElo "2032"]
[BlackElo "1878"]
[PlyCount "104"]
[EventDate "2021.11.28"]
[WhiteTeam "Kings Head"]
[BlackTeam "Alba"]

1. d4 d5 2. c4 e6 3. Nf3 Nf6 4. g3 Be7 5. Bg2 O-O 6. O-O Nbd7 7. Qc2 c5 8. Rd1
b6 9. Ng5 Bb7 10. cxd5 exd5 11. Nc3 h6 12. Nh3 Rc8 13. Nf4 cxd4 14. Rxd4 Bc5
15. Rd1 Ne4 16. e3 Nxc3 17. Qxc3 Nf6 18. Qb3 Qd6 19. Bd2 g5 20. Nd3 Ne4 21.
Bxe4 dxe4 22. Nxc5 Bd5 23. Bc3 Rxc5 24. Bb4 Bxb3 25. Rxd6 Rc4 26. Rd4 Rxd4 27.
exd4 Bd5 28. Bxf8 Kxf8 29. Rc1 Bxa2 30. Ra1 Bc4 31. Rxa7 Kg7 32. Rb7 b5 33. Rb6
g4 34. d5 Kf8 35. Rb7 Ke8 36. d6 Kd8 37. b3 Bxb3 38. Kf1 Bd5 39. Ra7 b4 40. Ke2
b3 41. Kd2 Kc8 42. Kc3 Kd8 43. Ra6 Kd7 44. Kd4 Bc6 45. Kc5 e3 46. fxe3 Be4 47.
Ra7+ Kd8 48. Rxf7 b2 49. Rf8+ Kd7 50. Rf7+ Kd8 51. Rf8+ Kd7 52. Rf7+ Kd8
1/2-1/2

[Event "4NCL Division 1 & 2"]
[Site "Milton Keynes, ENG"]
[Date "2021.11.28"]
[Round "2.117"]
[White "Cooke, Suzie G."]
[Black "Gilfillan, Andrew"]
[Result "1/2-1/2"]
[WhiteElo "1915"]
[BlackElo "2009"]
[PlyCount "73"]
[EventDate "2021.11.28"]
[WhiteTeam "Alba"]
[BlackTeam "Kings Head"]

1. d4 d5 2. Bf4 Nf6 3. e3 c5 4. c3 Nc6 5. Bd3 Qb6 6. Qc1 Bg4 7. h3 Bh5 8. Nd2
e6 9. Ngf3 Rc8 10. Qb1 Be7 11. O-O Bg6 12. Bxg6 hxg6 13. Ne5 Nxe5 14. dxe5 Nh7
15. e4 g5 16. Bg3 Rd8 17. Qc2 Nf8 18. Qb3 Qc6 19. Rfe1 Ng6 20. Qc2 Nf4 21. Bxf4
gxf4 22. exd5 Rxd5 23. Rad1 g5 24. c4 Rd8 25. Qe4 Qb6 26. b3 Qa5 27. Nf3 Qc7
28. Rxd8+ Bxd8 29. Rd1 Qe7 30. Nh2 Qc7 31. Ng4 Kf8 32. Qd3 Kg7 33. Qd7 Qa5 34.
Qxb7 Qxa2 35. Rd7 Qb1+ 36. Kh2 Rf8 37. Qc6 1/2-1/2

[Event "4NCL Division 1 & 2"]
[Site "Milton Keynes, ENG"]
[Date "2021.11.28"]
[Round "2.121"]
[White "Cherniaev, Alexander"]
[Black "Birtwistle, Nigel"]
[Result "1-0"]
[WhiteElo "2407"]
[BlackElo "2177"]
[PlyCount "57"]
[EventDate "2021.11.28"]
[WhiteTeam "Barnet Knights A"]
[BlackTeam "The Sharks 2"]

1. d4 Nf6 2. Nc3 c5 3. d5 g6 4. e4 d6 5. f4 Bg7 6. Bb5+ Nfd7 7. Bd3 O-O 8. Nf3
Nf6 9. O-O a6 10. a4 e6 11. dxe6 fxe6 12. Qe1 Nc6 13. e5 dxe5 14. fxe5 Ng4 15.
Bg5 Qb6 16. a5 Qc7 17. Qh4 Ngxe5 18. Nxe5 Nxe5 19. Rxf8+ Bxf8 20. Ne4 Nd7 21.
Bc4 Qe5 22. Bf6 Nxf6 23. Nxf6+ Kg7 24. Qxh7+ Kxf6 25. Rf1+ Kg5 26. h4+ Kg4 27.
Be2+ Qxe2 28. Qxg6+ Kxh4 29. Rf4+ 1-0

[Event "4NCL Division 1 & 2"]
[Site "Milton Keynes, ENG"]
[Date "2021.11.28"]
[Round "2.122"]
[White "Williams, Samuel G"]
[Black "Rocco, Federico"]
[Result "1-0"]
[WhiteElo "2228"]
[BlackElo "2234"]
[PlyCount "75"]
[EventDate "2021.11.28"]
[WhiteTeam "The Sharks 2"]
[BlackTeam "Barnet Knights A"]

1. d4 Nf6 2. c4 e6 3. Nc3 Bb4 4. Bg5 c5 5. d5 exd5 6. cxd5 d6 7. e3 h6 8. Bh4
Nbd7 9. Qc2 Qa5 10. Nge2 O-O 11. e4 b5 12. f3 Re8 13. a3 Ba6 14. Bf2 Ne5 15.
Qd1 Bxc3+ 16. Nxc3 Neg4 17. Bg1 Nxe4 18. fxe4 Rxe4+ 19. Kd2 Rc8 20. Bd3 Rd4 21.
b4 cxb4 22. Bxd4 bxc3+ 23. Kc1 Ne5 24. Bxe5 dxe5 25. Qe2 Qa4 26. Bc2 Qf4+ 27.
Kb1 Rc4 28. Rf1 Qh4 29. Qxe5 Rc8 30. Qf4 Qe7 31. d6 Qf8 32. Bb3 c2+ 33. Kb2 Kh8
34. Rac1 b4 35. Qxb4 Bxf1 36. d7 Rd8 37. Qxf8+ Rxf8 38. Rxf1 1-0

[Event "4NCL Division 1 & 2"]
[Site "Milton Keynes, ENG"]
[Date "2021.11.28"]
[Round "2.123"]
[White "Villiers, Thomas"]
[Black "Purton, Ben J"]
[Result "1-0"]
[WhiteElo "2304"]
[BlackElo "2208"]
[PlyCount "37"]
[EventDate "2021.11.28"]
[WhiteTeam "Barnet Knights A"]
[BlackTeam "The Sharks 2"]

1. Nf3 Nf6 2. e3 d5 3. c4 e6 4. b3 Be7 5. Bb2 Nbd7 6. Be2 b6 7. O-O Bb7 8. d4
Ne4 9. Nbd2 Ndf6 10. Ne5 O-O 11. Rc1 dxc4 12. Bxc4 Nxd2 13. Qxd2 c5 14. Rfd1
cxd4 15. Qe2 Qb8 16. exd4 Rd8 17. Nxf7 Kxf7 18. Qxe6+ Ke8 19. Qf7+ 1-0

[Event "4NCL Division 1 & 2"]
[Site "Milton Keynes, ENG"]
[Date "2021.11.28"]
[Round "2.124"]
[White "Milson, Samuel A"]
[Black "Smith, Andrew Philip"]
[Result "0-1"]
[WhiteElo "2146"]
[BlackElo "2195"]
[PlyCount "170"]
[EventDate "2021.11.28"]
[WhiteTeam "The Sharks 2"]
[BlackTeam "Barnet Knights A"]

1. e4 e5 2. Nf3 d6 3. d4 Nd7 4. Nc3 c6 5. g4 Ngf6 6. Rg1 exd4 7. Qxd4 d5 8. e5
Bc5 9. Qf4 Ng8 10. Be3 Ne7 11. Bd3 Ng6 12. Bxg6 hxg6 13. O-O-O Qe7 14. Rge1 Bb6
15. Rxd5 cxd5 16. Nxd5 Qe6 17. c4 O-O 18. Bxb6 Nxb6 19. Ne3 Bd7 20. Ng5 Qe7 21.
Ne4 f6 22. exf6 gxf6 23. c5 Rac8 24. Kb1 Rxc5 25. Nxc5 Qxc5 26. h4 Bb5 27. Qe4
Be8 28. h5 Qc6 29. Qd3 Qd7 30. Qc2 Qc6 31. Qd3 Qd7 32. Qc2 Qa4 33. b3 Qc6 34.
Qd3 Qd7 35. Qc2 gxh5 36. gxh5 Qh7 37. Nf5 Bd7 38. Ne7+ Kh8 39. Ng6+ Kg7 40.
Nxf8 Qxc2+ 41. Kxc2 Kxf8 42. Rg1 Bf5+ 43. Kb2 Nd7 44. f4 Nc5 45. h6 Ne6 46. Kc3
Nxf4 47. Rf1 Nd5+ 48. Kd4 Ne7 49. Kc5 Kf7 50. Kd6 Be4 51. Kd7 Ng8 52. h7 Bxh7
53. Re1 Bd3 54. Kc7 Ba6 55. Kb8 Ne7 56. Kxa7 Nc6+ 57. Kb6 Nb4 58. a4 f5 59. Rd1
Ke6 60. Kc5 Nd3+ 61. Kd4 Kd6 62. Kc3 Kc5 63. Rg1 Nb4 64. Rg5 Bd3 65. Rg7 Be4
66. Rd7 f4 67. Rf7 b6 68. Rc7+ Bc6 69. Rf7 Nd5+ 70. Kd3 Kb4 71. Kc2 Ne3+ 72.
Kb2 f3 73. Rf4+ Kc5 74. Kc1 Kd6 75. Kd2 Nf1+ 76. Ke1 Ne3 77. Kd2 Nf1+ 78. Ke1
Ng3 79. Rf6+ Kd7 80. Rh6 Ne4 81. Rh4 Nc5 82. a5 bxa5 83. Rd4+ Ke6 84. b4 axb4
85. Rc4 Kd5 0-1

[Event "4NCL Division 1 & 2"]
[Site "Milton Keynes, ENG"]
[Date "2021.11.28"]
[Round "2.125"]
[White "Stoica, Savas Marin"]
[Black "Varnam, Liam D"]
[Result "0-1"]
[WhiteElo "2120"]
[BlackElo "2217"]
[PlyCount "70"]
[EventDate "2021.11.28"]
[WhiteTeam "Barnet Knights A"]
[BlackTeam "The Sharks 2"]

1. Nf3 Nf6 2. d4 c5 3. d5 e6 4. c4 b5 5. dxe6 fxe6 6. cxb5 d5 7. e3 Bd6 8. Be2
O-O 9. O-O Nbd7 10. Nc3 Bb7 11. Re1 Qe7 12. h3 e5 13. e4 d4 14. Bc4+ Kh8 15.
Nd5 Bxd5 16. Bxd5 Nxd5 17. exd5 Qf7 18. Qd3 Qxd5 19. b3 Nf6 20. Ng5 e4 21. Nxe4
Rae8 22. f3 Qe5 23. g3 Nxe4 24. Bf4 Rxf4 25. gxf4 Qxf4 26. Rxe4 Qg3+ 27. Kf1
Rf8 28. Ke2 Qg2+ 29. Kd1 Rxf3 30. Qe2 Qxh3 31. Re8+ Bf8 32. Kd2 d3 33. Qd1 Qh6+
34. Kc3 Qf6+ 35. Kd2 Qb2+ 0-1

[Event "4NCL Division 1 & 2"]
[Site "Milton Keynes, ENG"]
[Date "2021.11.28"]
[Round "2.126"]
[White "Head, Louise"]
[Black "Ethelontis, Alexandros N"]
[Result "0-1"]
[WhiteElo "2159"]
[BlackElo "2110"]
[PlyCount "87"]
[EventDate "2021.11.28"]
[WhiteTeam "The Sharks 2"]
[BlackTeam "Barnet Knights A"]

1. d4 Nf6 2. c4 c5 3. d5 b5 4. cxb5 a6 5. b6 e6 6. Nc3 Nxd5 7. Nxd5 exd5 8.
Qxd5 Nc6 9. e4 Be7 10. Bc4 O-O 11. Bd2 Rb8 12. Bc3 Nd4 13. Bxd4 Bb7 14. Qf5
cxd4 15. Nf3 g6 16. Qf4 Bb4+ 17. Kf1 d5 18. exd5 Bxd5 19. Bxa6 Qxb6 20. Bd3 Bd6
21. Qf6 Qxb2 22. Rd1 Rb6 23. Qg5 Qxa2 24. Kg1 Rb2 25. Qh4 Qb3 26. Re1 Bxf3 27.
Qxd4 Bd5 28. h4 Rd2 29. Rh3 Rd1 30. Rhe3 Rxe1+ 31. Rxe1 Qb4 32. Qe3 Qxh4 33.
Kf1 Qh1+ 34. Ke2 Qxg2 35. Qd4 Rd8 36. Qb6 Qf3+ 37. Kd2 Bf4+ 38. Re3 Bxe3+ 39.
fxe3 Qf2+ 40. Kc3 Qe1+ 41. Kd4 Qh4+ 42. Kc5 Be6 43. Ba6 Qe7+ 44. Kb5 0-1

[Event "4NCL Division 1 & 2"]
[Site "Milton Keynes, ENG"]
[Date "2021.11.28"]
[Round "2.127"]
[White "Pollack, Oscar"]
[Black "Bremner, Adam"]
[Result "1/2-1/2"]
[WhiteElo "2134"]
[BlackElo "2204"]
[PlyCount "138"]
[EventDate "2021.11.28"]
[WhiteTeam "Barnet Knights A"]
[BlackTeam "The Sharks 2"]

1. e4 c6 2. d3 d5 3. Nd2 g6 4. Ngf3 Bg7 5. g3 Nf6 6. e5 Ng4 7. d4 f6 8. h3 Nh6
9. Bg2 Nf7 10. exf6 Bxf6 11. O-O O-O 12. Re1 Nd7 13. c4 Nb6 14. cxd5 Nxd5 15.
Ne4 Qc7 16. Nc3 Nxc3 17. bxc3 e5 18. Ba3 Re8 19. dxe5 Nxe5 20. Nxe5 Rxe5 21.
Rxe5 Qxe5 22. Qb3+ Qe6 23. Re1 Qxb3 24. Re8+ Kf7 25. Rf8+ Kg7 26. axb3 Bxc3 27.
h4 b5 28. Re8 b4 29. Bc1 Kf7 30. Bxc6 Bb7 31. Rxa8 Bxc6 32. Rxa7+ Kg8 33. Ra5
Be4 34. Rc5 Bb1 35. Bf4 Kf7 36. Be5 Bd2 37. Rc4 Ke6 38. Bg7 Kf7 39. Bd4 Bd3 40.
Rc6 Be4 41. Rf6+ Ke7 42. Rb6 Kd7 43. Bc5 Kc7 44. Re6 Bf5 45. Re2 Bc3 46. Be3
Bg4 47. Rc2 Kb7 48. Ra2 Bd1 49. Ra7+ Kc6 50. Rxh7 Bxb3 51. Rh6 Bc2 52. h5 b3
53. Bc1 Bd2 54. Rxg6+ Bxg6 55. hxg6 Bxc1 56. g7 b2 57. g8=Q b1=Q 58. Kh2 Qb2
59. Kg2 Qd2 60. Qg6+ Kd7 61. Qf7+ Kd6 62. Qf6+ Kd7 63. Qf5+ Kd6 64. Kh3 Qh6+
65. Kg4 Qe6 66. f4 Ke7 67. Kg5 Qxf5+ 68. Kxf5 Kf7 69. Ke5 Bb2+ 1/2-1/2

[Event "4NCL Division 1 & 2"]
[Site "Milton Keynes, ENG"]
[Date "2021.11.28"]
[Round "2.128"]
[White "Kafka, Graeme"]
[Black "Willmoth, Robert F"]
[Result "1/2-1/2"]
[WhiteElo "2037"]
[BlackElo "2134"]
[PlyCount "91"]
[EventDate "2021.11.28"]
[WhiteTeam "The Sharks 2"]
[BlackTeam "Barnet Knights A"]

1. e4 c5 2. Nf3 Nc6 3. d4 cxd4 4. Nxd4 Nf6 5. Nc3 e5 6. Ndb5 d6 7. Bg5 a6 8.
Na3 b5 9. Bxf6 gxf6 10. Nd5 f5 11. c3 fxe4 12. Nc2 Bg7 13. a4 bxa4 14. Ncb4
Nxb4 15. Qxa4+ Kf8 16. Qxb4 Be6 17. Qxe4 f5 18. Nc7 fxe4 19. Nxe6+ Ke7 20. Nxd8
Rhxd8 21. Rxa6 Rxa6 22. Bxa6 Ra8 23. Be2 Ra2 24. O-O Rxb2 25. Bc4 Rd2 26. Bb3
Bh6 27. Rd1 Rb2 28. Bd5 e3 29. fxe3 Bxe3+ 30. Kf1 h5 31. Rd3 Bg5 32. c4 h4 33.
Rc3 Bf6 34. Rd3 Bg5 35. Rf3 Rc2 36. Rf7+ Ke8 37. Rf5 Be7 38. Rf2 Rc1+ 39. Ke2
Rc3 40. Rf3 Rc2+ 41. Kd3 Rxg2 42. Rf8+ Kxf8 43. Bxg2 Kf7 44. Ke4 Kf6 45. h3 Bf8
46. Bf3 1/2-1/2

[Event "4NCL Division 1 & 2"]
[Site "Milton Keynes, ENG"]
[Date "2021.11.28"]
[Round "2.131"]
[White "Harakis, Alexis M"]
[Black "Mulleady, Peter J"]
[Result "1-0"]
[WhiteElo "2266"]
[BlackElo "2009"]
[PlyCount "73"]
[EventDate "2021.11.28"]
[WhiteTeam "KJCA Kings"]
[BlackTeam "Manchester Manticores 1"]

1. d4 Nf6 2. c4 c5 3. d5 b5 4. cxb5 a6 5. bxa6 Bxa6 6. Nc3 g6 7. e4 Bxf1 8.
Kxf1 d6 9. Nf3 Bg7 10. g3 O-O 11. Kg2 Nbd7 12. Qe2 Ng4 13. Nd2 Ngf6 14. a4 Qa5
15. Nc4 Qa6 16. Nb5 Nb6 17. Nxb6 Qxb6 18. Rd1 Ne8 19. Bg5 Qb7 20. Ra2 h6 21.
Bd2 Nc7 22. Nxc7 Qxc7 23. Bc3 Rfb8 24. Rda1 Qb7 25. a5 Qb5 26. Qxb5 Rxb5 27.
Kf3 Ra6 28. Ke3 e6 29. Kd3 exd5 30. exd5 Rb8 31. Kc4 h5 32. Ra3 Bxc3 33. bxc3
Rb2 34. Rb3 Rxf2 35. Kb5 Ra8 36. a6 Rxh2 37. Kc6 1-0

[Event "4NCL Division 1 & 2"]
[Site "Milton Keynes, ENG"]
[Date "2021.11.28"]
[Round "2.132"]
[White "Kay, Lee P"]
[Black "Merriman, John"]
[Result "0-1"]
[WhiteElo "1972"]
[BlackElo "2258"]
[PlyCount "54"]
[EventDate "2021.11.28"]
[WhiteTeam "Manchester Manticores 1"]
[BlackTeam "KJCA Kings"]

1. f4 d5 2. Nf3 Nf6 3. g3 Bg4 4. Bg2 Nbd7 5. O-O Bxf3 6. Bxf3 e5 7. fxe5 Nxe5
8. Bg2 c6 9. d4 Ned7 10. Nc3 Bb4 11. e4 Bxc3 12. bxc3 dxe4 13. Ba3 Qa5 14. Bb4
Qd5 15. Qe2 O-O-O 16. Bh3 Kb8 17. Rf5 Qe6 18. Kg2 Qe8 19. Ba5 b6 20. Qa6 Nd5
21. Rxd5 cxd5 22. Rb1 Ka8 23. Bxb6 Nxb6 24. Rxb6 Qe7 25. Rb5 Rd6 26. Qa5 e3 27.
Kf1 Qf6+ 0-1

[Event "4NCL Division 1 & 2"]
[Site "Milton Keynes, ENG"]
[Date "2021.11.28"]
[Round "2.133"]
[White "Verma, Shlok"]
[Black "Newton, Robert A"]
[Result "1/2-1/2"]
[WhiteElo "1870"]
[BlackElo "1977"]
[PlyCount "63"]
[EventDate "2021.11.28"]
[WhiteTeam "KJCA Kings"]
[BlackTeam "Manchester Manticores 1"]

1. d4 g6 2. c4 c5 3. d5 b5 4. cxb5 d6 5. Nc3 Bg7 6. e4 Nd7 7. Nf3 Ngf6 8. Qc2
O-O 9. g3 a6 10. bxa6 Bxa6 11. Bxa6 Rxa6 12. Kf1 Qa8 13. Kg2 Rb8 14. Bg5 h6 15.
Bd2 Kh7 16. h4 Kg8 17. Qc1 h5 18. a4 Qb7 19. Rb1 Qb3 20. Qd1 Ng4 21. Qe2 Raa8
22. Ra1 c4 23. Rhb1 Nc5 24. Ra3 Qb6 25. Be3 Nxe3+ 26. Qxe3 Qb4 27. Nd4 Bxd4 28.
Qxd4 f6 29. a5 Ra6 30. Qe3 Kg7 31. Qd4 Kh7 32. Kg1 1/2-1/2

[Event "4NCL Division 1 & 2"]
[Site "Milton Keynes, ENG"]
[Date "2021.11.28"]
[Round "2.134"]
[White "Hymer, Barry"]
[Black "Young, Daniel J"]
[Result "1/2-1/2"]
[WhiteElo "1980"]
[BlackElo "1944"]
[PlyCount "40"]
[EventDate "2021.11.28"]
[WhiteTeam "Manchester Manticores 1"]
[BlackTeam "KJCA Kings"]

1. d4 Nf6 2. Nf3 g6 3. Nc3 d5 4. Bf4 Bg7 5. Qd2 O-O 6. Bh6 Bxh6 7. Qxh6 c5 8.
dxc5 d4 9. O-O-O Ng4 10. Qf4 e5 11. Nxe5 Nxe5 12. Qxe5 Nc6 13. Qf4 Qa5 14. Rxd4
Nxd4 15. Qxd4 Be6 16. a3 Rac8 17. e3 Rxc5 18. Bd3 Rd8 19. Qb4 Qxb4 20. axb4
Rcc8 1/2-1/2

[Event "4NCL Division 1 & 2"]
[Site "Milton Keynes, ENG"]
[Date "2021.11.28"]
[Round "2.135"]
[White "Skettos, Nicolas"]
[Black "Lyth, John D"]
[Result "1/2-1/2"]
[WhiteElo "1869"]
[BlackElo "1949"]
[PlyCount "95"]
[EventDate "2021.11.28"]
[WhiteTeam "KJCA Kings"]
[BlackTeam "Manchester Manticores 1"]

1. e4 e5 2. Nf3 Nc6 3. Bb5 a6 4. Ba4 Nf6 5. O-O Be7 6. d3 b5 7. Bb3 d6 8. a3
O-O 9. Nc3 Na5 10. Ba2 Be6 11. d4 Bxa2 12. Rxa2 Nc6 13. d5 Nb8 14. Re1 Nbd7 15.
Ra1 Re8 16. g3 Nf8 17. a4 b4 18. Na2 a5 19. c3 bxc3 20. Nxc3 Qd7 21. Nb5 Rec8
22. Kg2 Ng6 23. b3 c6 24. dxc6 Qxc6 25. Qd3 d5 26. exd5 Nxd5 27. Be3 Nxe3+ 28.
Qxe3 Bc5 29. Qe4 Qxe4 30. Rxe4 f6 31. Rc1 Bb4 32. Rec4 Ne7 33. Kf1 Rxc4 34.
Rxc4 Rc8 35. Ke2 Rxc4 36. bxc4 Kf7 37. Nd2 Nc8 38. Ne4 f5 39. Nec3 Nb6 40. Kd3
Bc5 41. f3 h5 42. h3 Ke6 43. Nc7+ Kd7 44. N7d5 Bf2 45. Nxb6+ Bxb6 46. Nd5 Bc5
47. Ke2 Kd6 48. Kd3 1/2-1/2

[Event "4NCL Division 1 & 2"]
[Site "Milton Keynes, ENG"]
[Date "2021.11.28"]
[Round "2.136"]
[White "Pelling, Kyle"]
[Black "Merriman, James"]
[Result "1/2-1/2"]
[WhiteElo "1907"]
[BlackElo "1842"]
[PlyCount "58"]
[EventDate "2021.11.28"]
[WhiteTeam "Manchester Manticores 1"]
[BlackTeam "KJCA Kings"]

1. e4 e6 2. d4 d5 3. Nc3 Nf6 4. Bg5 Bb4 5. e5 h6 6. exf6 hxg5 7. fxg7 Rg8 8. h4
gxh4 9. Qg4 Qf6 10. Nf3 Rxg7 11. Qxh4 Qxh4 12. Rxh4 Nc6 13. a3 Bf8 14. g3 Bd7
15. Bb5 O-O-O 16. O-O-O Be7 17. Rh5 Bf6 18. Rh6 Rg6 19. Rxg6 fxg6 20. Bxc6 Bxc6
21. Re1 Bd7 22. Ne5 Rh8 23. f4 g5 24. Ne2 Rh3 25. Kd1 Bb5 26. Nc3 Be8 27. Rg1
c6 28. Ne2 Kc7 29. Nf3 Bh5 1/2-1/2

[Event "4NCL Division 1 & 2"]
[Site "Milton Keynes, ENG"]
[Date "2021.11.28"]
[Round "2.137"]
[White "Tombolis, Christopher"]
[Black "Whitehead, Mark A"]
[Result "1-0"]
[WhiteElo "1826"]
[BlackElo "1944"]
[PlyCount "43"]
[EventDate "2021.11.28"]
[WhiteTeam "KJCA Kings"]
[BlackTeam "Manchester Manticores 1"]

1. d4 Nf6 2. c4 e6 3. Nc3 Bb4 4. e3 O-O 5. Nge2 d5 6. a3 Be7 7. cxd5 exd5 8.
Ng3 Re8 9. Bd3 Nbd7 10. b4 a5 11. b5 Nb6 12. Na4 Nxa4 13. Qxa4 Bd7 14. O-O c6
15. Rb1 c5 16. dxc5 Bxc5 17. Bb2 Rc8 18. Qh4 Ne4 19. Qh5 g6 20. Qxd5 Bf5 21.
Bxe4 Bxe4 22. Nxe4 1-0

[Event "4NCL Division 1 & 2"]
[Site "Milton Keynes, ENG"]
[Date "2021.11.28"]
[Round "2.138"]
[White "Pardoe, David"]
[Black "Moore, Eoin"]
[Result "0-1"]
[WhiteElo "1705"]
[BlackElo "1558"]
[PlyCount "68"]
[EventDate "2021.11.28"]
[WhiteTeam "Manchester Manticores 1"]
[BlackTeam "KJCA Kings"]

1. d4 Nf6 2. c4 g6 3. Nc3 d5 4. c5 Bg7 5. Bf4 c6 6. e3 O-O 7. Bd3 Nbd7 8. h4
Nh5 9. Bh2 f5 10. Be2 Nhf6 11. Nf3 b6 12. Ng5 Nb8 13. Qb3 Bd7 14. Be5 bxc5 15.
dxc5 Qa5 16. Qb7 Qxc5 17. Qxa8 Qb6 18. Bd4 c5 19. Bxf6 Bc6 20. Nxd5 Qa5+ 21.
Kf1 Bxf6 22. Nxe7+ Bxe7 23. Bc4+ Kh8 24. Ne6 Bxa8 25. Nxf8 Bxf8 26. h5 g5 27.
Rd1 Qc7 28. b3 Kg7 29. Rh3 g4 30. Rg3 Bd6 31. f4 Be7 32. Be6 Bh4 33. Kf2 Qc6
34. Bxf5 Qxg2+ 0-1

[Event "4NCL Division 1 & 2"]
[Site "Milton Keynes, ENG"]
[Date "2021.11.28"]
[Round "2.141"]
[White "Turner, Max N"]
[Black "Martin, Lewis"]
[Result "1-0"]
[WhiteElo "2219"]
[BlackElo "2283"]
[PlyCount "77"]
[EventDate "2021.11.28"]
[WhiteTeam "North East England"]
[BlackTeam "Check Inn"]

1. d4 d5 2. c4 c6 3. Nf3 Nf6 4. e3 Bf5 5. Nc3 e6 6. Nh4 Bg4 7. Qb3 Qb6 8. h3
Bh5 9. g4 Bg6 10. Nxg6 hxg6 11. Bg2 Nbd7 12. Bd2 Be7 13. g5 dxc4 14. Qxb6 axb6
15. gxf6 gxf6 16. O-O-O b5 17. a3 b4 18. axb4 Bxb4 19. Kc2 Nb6 20. Ra1 Kd7 21.
e4 e5 22. Be3 Kc7 23. d5 Nd7 24. dxc6 Kxc6 25. Nd5 Bc5 26. Rxa8 Rxa8 27. h4 Bd4
28. h5 gxh5 29. Rxh5 Nc5 30. Rh6 Nb3 31. Rxf6+ Kc5 32. Rxf7 b5 33. Bg5 Rh8 34.
Be7+ Kc6 35. Bf8 b4 36. Rf6+ Kb7 37. Bxb4 Rh2 38. Rg6 Bxf2 39. Kc3 1-0

[Event "4NCL Division 1 & 2"]
[Site "Milton Keynes, ENG"]
[Date "2021.11.28"]
[Round "2.142"]
[White "Onslow, Alfie"]
[Black "Oyama, Akito"]
[Result "1/2-1/2"]
[WhiteElo "2255"]
[BlackElo "2197"]
[PlyCount "96"]
[EventDate "2021.11.28"]
[WhiteTeam "Check Inn"]
[BlackTeam "North East England"]

1. e4 c5 2. Nf3 Nc6 3. d4 cxd4 4. Nxd4 e5 5. Nb5 d6 6. c4 Be7 7. N5c3 Nf6 8.
Bd3 O-O 9. O-O Nd7 10. Be3 Bg5 11. Nd5 Bxe3 12. fxe3 Nc5 13. Bc2 Qh4 14. Nbc3
Bg4 15. Qe1 Qxe1 16. Raxe1 a5 17. a3 Be6 18. b3 Rab8 19. Nb5 Rfd8 20. Rd1 b6
21. Rd2 Rd7 22. h3 Bxd5 23. Rxd5 Rbd8 24. Rd2 Kf8 25. Nc3 Ne7 26. Rfd1 Ne6 27.
b4 axb4 28. axb4 Rc8 29. Bb3 Nc6 30. Nd5 Rb7 31. Ra1 Nc7 32. Ba4 Nxd5 33. exd5
Na7 34. Bb5 Nxb5 35. cxb5 Rc3 36. Kf2 Rb3 37. Ra4 Rc7 38. Ra6 Rb7 39. Ra4 f5
40. Ke2 Rc7 41. Ra6 Rxb4 42. Rxb6 Ke7 43. Ra2 e4 44. g4 fxg4 45. hxg4 Rc5 46.
Ra7+ Kf6 47. Rxd6+ Ke5 48. Rad7 Rb2+ 1/2-1/2